000 00853nam a2200241 u 4500
005 20221022063443.0
008 130215s2011 es r 000 0 spa d
020 _a9788499800752
035 _aUPN01000189607
049 _aCG
050 4 _aLC4801
_bS2.2
100 1 _aSaumell Mir, Carme
_934255
245 1 0 _aAlumnado con dificultades de regularización del comportamiento :
_bvol. 1 : infantil y primaria /
_cCarme Saumell, Gemma Alsina, Angels Arroyo.
260 _aBarcelona, Esp. :
_bGraó,
_c2011.
300 _a209 p. :
_bcuadros
440 0 _aEscuela inclusiva : alumnos distintos pero no diferentes ;
_v11
650 4 _aNIÑOS PROBLEMA -
_xEDUCACION
_912089
650 2 _aProblemas de conducta
_910674
700 1 _aAlsina Masmitjà, Gemma,
_ecoaut.
700 1 _aArroyo Rodríguez, Angels,
_ecoaut.
905 _aLibro
999 _c161710
_d161710